Singapore, a decade of independence

Na minha lista:
Detalhes bibliográficos
Autor principal: Ng, Charles
Formato: Livro
Idioma:Undetermined
Publicado em: Singapore Alumni International Singapore 1975
Assuntos:
Tags: Adicionar Tag
Sem tags, seja o primeiro a adicionar uma tag!
Thư viện lưu trữ: Trung tâm Học liệu Trường Đại học Cần Thơ
LEADER 00557nam a2200193Ia 4500
001 CTU_91563
008 210402s9999 xx 000 0 und d
082 |a 959.5 
082 |b N576 
100 |a Ng, Charles 
245 0 |a Singapore, a decade of independence 
245 0 |c Charles Ng, T. P. B. Menon 
260 |a Singapore 
260 |b Alumni International Singapore 
260 |c 1975 
650 |a Singapore 
650 |x Social conditions,Addresses, essays, lectures 
904 |i Nguyên 
980 |a Trung tâm Học liệu Trường Đại học Cần Thơ